000 00474nam a2200169Ia 4500
003 GCL
008 140319s9999 xx 000 0 eng d
040 _aGCL /
_cGCL
082 0 4 _a708
_bC M
100 1 _aCAHILL, HOLGER
245 1 0 _aMASTERS OF POPULAR PAINTING MODERN PRIMITIVES OF EUROPE AMERICA /
_cCAHILL, HOLGER
700 1 _aGOUTHIER, MOXIMILIEN
260 _a[S.N] :
_bTHE NUSEUM OF MODERN ART ،
_c1969
300 _a169
650 0 4 _aPAINTING
942 _2ddc
_cBK
999 _c17700
_d17700